00378nam a2200109 4500008004100000082001600041245004800057260006100105300003800166650003000204650003400234240305b |||||||| |||| 00| 0 eng d a303.66bAID aAid, conflct and peacebuilding in Sri Lanka aLondon:bDepartment for International Development,c2000 a78 p., mapbBibliography included aETHNIC CONFLICT-Sri Lanka aConflict resolution-Sri Lanka